Informatyka w praktyce Komputerowe systemy wspomagania decyzji

Na minha lista:
Detalhes bibliográficos
Autor principal: Radzikowski, Wladyslaw
Formato: Livro
Idioma:polonês
Publicado em: Warszawa Wyd. Ekon. 1990
Edição:1. wyd.
Tags: Adicionar Tag
Sem tags, seja o primeiro a adicionar uma tag!

MARC

LEADER 00000nam a2200000 4500
001 c022299
005 20221215130133.6
041 0 |a pol 
044 |a PL 
245 1 0 |a Informatyka w praktyce  |b Komputerowe systemy wspomagania decyzji  |c Wladyslaw Radzikowski 
250 |a 1. wyd. 
264 1 |a Warszawa  |b Wyd. Ekon.  |c 1990 
300 |a 223 s. 
100 1 |a Radzikowski, Wladyslaw